00536nam a22001577a 450000500170000002000230001702000260004010000240006624500580009024600220014826000370017027000960020730000380030394200200034199900170036120120111134733.0 a8181464427c150.00 a9788181464422c150.00 aRao, Sandhya938938 aand land was born /cSandhtya, Rao ; Uma krishnaswamy aand land was born aChennaibTulika Publishersc2008 aTulika Publishers, 13 Prithvi Avenue, Abhiramapuram,bChennaie600018mtulikabooks@vsnl.com aUnpagedbcol. ill, ;c27 cm (pbk) 2ddccCHhSmRAO c60720d60720